| Поле | Инд. | ПП | Название | Значение |
|---|---|---|---|---|
| Тип записи | a | |||
| Библиографический уровень | m | |||
| 001 | Контрольный номер | eefb20b2-05c9-414f-9cbe-24474aad57d6 | ||
| 005 | Дата корректировки | 20140226151849.9 | ||
| 008 | Кодируемые данные | 001228 d | ||
| 020 | a | ISBN | 5-7966-0459-7 | |
| c | Цена, тираж | 1.60 | ||
| 040 | a | Служба первич. каталог. | RU-RKP | |
| 040 | a | Служба первич. каталог. | НБ ТвГУ | |
| 041 | a | Код языка текста | rus | |
| 080 | a | Индекс УДК | 519.816 | |
| 084 | a | Индекс другой классификации/Индекс ББК | В183.1 | |
| 090 | x | Авторский знак | Б82 | |
| a | Полочн. индекс | В183.1 | ||
| 100 | 1_ | a | Автор | Борисов Аркадий Николаевич |
| 245 | a | Заглавие | Принятие решений на основе нечетких моделей | |
| b | Продолж. заглавия | Примеры использ. | ||
| c | Ответственность | А.Н. Борисов, О.А. Крумберг, И.П. Федоров; Риж. техн. ун-т | ||
| c | Ответственность | Риж. техн. ун-т | ||
| 260 | 0_ | a | Место издания | Рига |
| b | Издательство | Зинатне | ||
| c | Дата издания | 1990 | ||
| 300 | a | Объем | 184 с. | |
| b | Иллюстрации/ тип воспроизводства | граф. | ||
| c | Размеры | 24 см | ||
| 504 | a | Библиография | Библиогр.: с. 180-182 | |
| 650 | a | Основная рубрика | Принятие решений | |
| x | Основная подрубрика | Математическая теория | ||
| 650 | a | Основная рубрика | Операций исследование | |
| 653 | a | Ключевые слова | Принятие решений | |
| a | Ключевые слова | Нечеткие модели | ||
| 700 | 1_ | a | Другие авторы | Крумберг Ояр Арнольдович |
| 700 | 1_ | a | Другие авторы | Федоров Игорь Петрович |
| 852 | t | Порядковый номер экземпляра | 1 | |
| p | Инвентарный номер | 609371 | ||
| p | Инвентарный номер | 609372 | ||
| 954 | a | Дата поступления на обработку | 20000524 | |
| 999 | a | Подразделение 2 | Фил3 |